Southville International School and Colleges
Your cart is empty.
  • Cart
  • Lists
    Public lists Eva Luna New books Lux_list list_1
    Your lists Log in to create your own lists
  • Log in to your account
  • Your cookies
  • Search history
Southville International School and Colleges
  • Advanced search
  • Recent comments
  • Most popular
  • Libraries

Log in to your account

Log in with GOOGLE


If you do not have an external account, but do have a local account, you can still log in:

  1. Home
  2. MARC view: Everything you need to know about being a baby-sitter a teen's guide to responsible childe care /
Normal view MARC view ISBD view

Everything you need to know about being a baby-sitter a teen's guide to responsible childe care / (Record no. 9237)

[ view plain ]
MARC details
000 -LEADER
fixed length control field 00788nam a22002177a 4500
003 - CONTROL NUMBER IDENTIFIER
control field SISC
005 - DATE AND TIME OF LATEST TRANSACTION
control field 20160404100624.0
008 - FIXED-LENGTH DATA ELEMENTS--GENERAL INFORMATION
fixed length control field 130823t xxu||||| |||| 00| 0 eng d
020 ## - INTERNATIONAL STANDARD BOOK NUMBER
International Standard Book Number 9780823937707
050 ## - LIBRARY OF CONGRESS CALL NUMBER
Classification number HQ 769.5
Item number .W45 2003
082 ## - DEWEY DECIMAL CLASSIFICATION NUMBER
Classification number HS 649.1
Item number W43 2003
100 ## - MAIN ENTRY--PERSONAL NAME
Personal name Weintraub, Aileen
9 (RLIN) 12911
245 ## - TITLE STATEMENT
Title Everything you need to know about being a baby-sitter a teen's guide to responsible childe care /
Statement of responsibility, etc Aileen Weintraub.
250 ## - EDITION STATEMENT
Edition statement Revised edition
260 ## - PUBLICATION, DISTRIBUTION, ETC. (IMPRINT)
Place of publication, distribution, etc New York
Name of publisher, distributor, etc The Rosen Publishing Group, Inc.
Date of publication, distribution, etc c2003.
300 ## - PHYSICAL DESCRIPTION
Extent 64 p. :
Other physical details col. ill. ;
Dimensions 24 cm.
650 ## - SUBJECT ADDED ENTRY--TOPICAL TERM
Topical term or geographic name as entry element 1. Babysitting Handbooks, manuals, etc.
General subdivision Juvenile literature.
9 (RLIN) 12912
650 ## - SUBJECT ADDED ENTRY--TOPICAL TERM
Topical term or geographic name as entry element Babysitting Handbooks, manuals, etc.
General subdivision Juvenile literature.
9 (RLIN) 12913
942 ## - ADDED ENTRY ELEMENTS (KOHA)
Source of classification or shelving scheme Library of Congress Classification
Koha item type Books
Holdings
Withdrawn status Lost status Source of classification or shelving scheme Damaged status Home library Current library Shelving location Date acquired Total Checkouts Full call number Barcode Date last seen Price effective from Koha item type
    Library of Congress Classification   Luxembourg Library Luxembourg Library High School Section 08/23/2013   HQ 769.5 .W45 2003 17166 04/04/2016 08/23/2013 Books

Everything you need to know about being a baby-sitter a teen's guide to responsible childe care /

APA

Weintraub A., . (2003). Everything you need to know about being a baby-sitter a teen's guide to responsible childe care. New York: The Rosen Publishing Group, Inc.

Chicago

Weintraub Aileen, . 2003. Everything you need to know about being a baby-sitter a teen's guide to responsible childe care. New York: The Rosen Publishing Group, Inc.

Harvard

Weintraub A., . (2003). Everything you need to know about being a baby-sitter a teen's guide to responsible childe care. New York: The Rosen Publishing Group, Inc.

MLA

Weintraub Aileen, . Everything you need to know about being a baby-sitter a teen's guide to responsible childe care. New York: The Rosen Publishing Group, Inc. 2003.

  • Place hold
  • Print
  • Cite
  • Add to your cart (remove)
  • Save record
    BIBTEX Dublin Core MARCXML MARC (non-Unicode/MARC-8) MARC (Unicode/UTF-8) MARC (Unicode/UTF-8, Standard) MODS (XML) RIS
  • More searches
    Search for this title in:
    Other Libraries (WorldCat) Other Databases (Google Scholar) Online Stores (Bookfinder.com) Open Library (openlibrary.org)

Exporting to Dublin Core...

SOUTHVILLE LIBRARY

Southville International School and Colleges Library

1281 Tropical Ave. Cor. Luxembourg St., BF Homes International, Las Pinas City

Tel. No. 8256374 / 252358 Loc. 117/146

Powered by Koha